[Event "POLFINAL MISTRZOSTW POLSKI JUNIOROW 2019 - D17"]
[Site "Ustron"]
[Date "1899-12-30"]
[Round "4.5"]
[White "Taranowicz, Zofia"]
[Black "Sloniec, Natalia"]
[Result "1-0"]
[WhiteTitle "I"]
[BlackTitle "II+"]
[WhiteElo "1175"]
[BlackElo "1103"]

1. c4 e5 2. Nc3 Nf6 3. d3 h6 4. Nf3 Nc6 5. g3 Bc5 6. Bg2 d6 7. O-O O-O 8. Bd2 Be6
9. Na4 Bb6 10. Nxb6 axb6 11. Qc2 Qd7 12. Rfd1 Bh3 13. Bh1 Qf5 14. Be3 Ng4 15.
Qd2 Rfe8 16. Nh4 Qf6 17. f3 Nxe3 18. Qxe3 Nd4 19. Qf2 Be6 20. e3 Nc6 21. Rf1 Nb4
22. Qd2 c5 23. a3 Nc6 24. f4 exf4 25. Rxf4 Qd8 26. Ng2 Ne7 27. e4 Ng6 28. Rf2
Ne5 29. Ne3 Rf8 30. Qe2 Qd7 31. Bf3 b5 32. Nd5 bxc4 33. Nb6 cxd3 34. Nxd7 dxe2
35. Nxf8 Rxf8 36. Bxe2 Bh3 37. Rd1 Rd8 38. Bf1 Bg4 39. Rd5 Nf3+ 40. Kg2 Ne5 41.
h3 Be6 42. Rd1 Nc4 43. Bxc4 Bxc4 44. Rfd2 Re8 45. Kf3 Be6 46. Rxd6 Bxh3 47. g4
h5 48. gxh5 Re5 49. R6d5 Rxd5 50. Rxd5 c4 51. Rb5 Bc8 52. Ke3 Kh7 53. Rc5 Be6
54. Rc7 b5 55. Rb7 b4 56. Rxb4 Kh6 57. Rb5 g6 58. hxg6 fxg6 59. Rb6 Bf7 60. a4
Kh5 61. a5 g5 62. a6 g4 63. a7 Kh4 64. a8=Q 1-0

[Event "POLFINAL MISTRZOSTW POLSKI JUNIOROW 2019 - D17"]
[Site "Ustron"]
[Date "1899-12-30"]
[Round "4.6"]
[White "Laszczuk, Zuzanna"]
[Black "Szwacinska, Wiktoria"]
[Result "1-0"]
[WhiteTitle "I"]
[BlackTitle "II"]
[WhiteElo "1320"]
[BlackElo "1006"]

1. e4 e5 2. Nc3 Nf6 3. g3 Bc5 4. Bg2 d6 5. Nge2 Nc6 6. d3 h6 7. O-O Be6 8. h3 Qd7
9. Kh2 Nd4 10. f4 Nxe2 11. Nxe2 Qe7 12. f5 Bd7 13. g4 g6 14. Ng3 Bc6 15. Qf3 g5
16. c3 a6 17. b4 Ba7 18. a4 O-O 19. Ne2 Kg7 20. Qg3 Rh8 21. h4 Rag8 22. b5 Bd7
23. h5 a5 24. Bh3 Rc8 25. Bd2 Bb6 26. c4 Ra8 27. Bc3 Rhe8 28. Bg2 Bc8 29. d4 exd4
30. Nxd4 Nxe4 31. f6+ Nxf6 32. Nc2 Qd7 33. Rxf6 Kh7 34. Qd3+ Kg8 35. Rxh6 Qxg4
36. Rh8# 1-0

[Event "POLFINAL MISTRZOSTW POLSKI JUNIOROW 2019 - D17"]
[Site "Ustron"]
[Date "1899-12-30"]
[Round "4.7"]
[White "Wojtas, Emilia"]
[Black "Zygmunt, Patrycja"]
[Result "0-1"]
[WhiteTitle "II+"]
[BlackTitle "I"]
[WhiteElo "1179"]
[BlackElo "1261"]

1. e4 e5 2. Nf3 Nc6 3. Bc4 Bc5 4. d3 Nf6 5. c3 d6 6. Bb3 Bg4 7. Nbd2 d5 8. Qe2
O-O 9. h3 Bxf3 10. gxf3 dxe4 11. fxe4 Ne7 12. Nf3 Ng6 13. Rg1 Qd7 14. Qf1 Rad8
15. Bc2 Nh5 16. Qg2 f5 17. Qg5 fxe4 18. Qxh5 Rxf3 19. Rg2 Rdf8 20. Bb3+ Kh8 21.
d4 Rxh3 22. Qg5 Be7 23. Qg4 Rh1+ 24. Ke2 Qxg4+ 25. Rxg4 exd4 26. cxd4 Bb4 27.
Rxe4 Re1+ 28. Kd3 Nf4+ 29. Bxf4 Rxa1 0-1

[Event "POLFINAL MISTRZOSTW POLSKI JUNIOROW 2019 - D17"]
[Site "Ustron"]
[Date "1899-12-30"]
[Round "5.1"]
[White "Drob, Julia"]
[Black "Giefert, Sara"]
[Result "1-0"]
[WhiteTitle "I"]
[BlackTitle "I"]
[WhiteElo "1416"]
[BlackElo "1579"]

1. d4 Nf6 2. Bf4 d6 3. h3 g6 4. Nf3 Bg7 5. e3 Nbd7 6. Be2 O-O 7. O-O c5 8. c3 a6
9. a4 Rb8 10. Na3 cxd4 11. cxd4 Nb6 12. Rc1 Bf5 13. Nh4 Be6 14. Nf3 Rc8 15. Rxc8
Qxc8 16. Ng5 Bd7 17. a5 Nbd5 18. Bh2 h6 19. Nf3 Qc7 20. Qb3 Rb8 21. e4 Qxa5 22.
exd5 Nxd5 23. Bc4 Be6 24. Ra1 Nc7 25. Nc2 Bxc4 26. Qxc4 Qb6 27. b3 Ne6 28. Re1
Qd8 29. Nh4 Rc8 30. Qd3 Qa5 31. Rd1 Rc3 32. Qd2 Qc7 33. Ne3 Rxb3 34. Qa2 Qc3 35.
Nd5 Qb2 36. Qxb2 Rxb2 37. Nxe7+ Kh7 38. d5 Nc5 39. Bxd6 Ne4 40. Bg3 Bf8 41. Nc8
Rc2 42. Nb6 Bc5 43. Nd7 Nxf2 44. Rf1 Nxh3+ 45. Kh2 Ng5 46. Nxc5 Rxc5 47. Rd1 Rc8
48. Be5 Rd8 49. Bf6 Rd7 50. Bxg5 hxg5 51. Nf3 f6 52. Ne1 Kg7 53. Nc2 Kf7 54. Ne3
Ke7 55. Nc4 b5 56. Nb6 Rd8 57. d6+ Ke6 58. d7 a5 59. Re1+ Kd6 60. Re8 Kc7 61.
Nd5+ Kxd7 62. Nxf6+ Kc8 63. Re5 b4 64. Rxa5 Rd6 65. Ne4 Rb6 66. Rxg5 Kc7 67. Nd2
b3 68. Rc5+ Kd6 69. Rc1 Kd5 70. Rb1 b2 71. Rd1 Kd4 72. Nb1+ Ke3 73. Nc3 Rc6 74.
Na2 Ra6 75. Nb4 Ke2 76. Rb1 Rd6 77. Rxb2+ Ke3 78. Rb3+ Ke4 79. Nc2 g5 80. Kg3
Rc6 81. Re3+ 1-0

[Event "POLFINAL MISTRZOSTW POLSKI JUNIOROW 2019 - D17"]
[Site "Ustron"]
[Date "1899-12-30"]
[Round "5.2"]
[White "Polak, Sylwia"]
[Black "Taranowicz, Zofia"]
[Result "1-0"]
[WhiteTitle "I+"]
[BlackTitle "I"]
[WhiteElo "1537"]
[BlackElo "1175"]

1. d4 d5 2. c4 c6 3. Nc3 Nf6 4. Nf3 e6 5. e3 Be7 6. Bd3 Nbd7 7. O-O O-O 8. b3 dxc4
9. bxc4 a6 10. e4 b5 11. Qc2 h6 12. e5 Ne8 13. Be4 Qb6 14. Be3 Bb7 15. Rab1 Qa5
16. cxb5 axb5 17. Nxb5 cxb5 18. Bxb7 Qxa2 19. Rb2 Qa4 20. Bxa8 1-0

[Event "POLFINAL MISTRZOSTW POLSKI JUNIOROW 2019 - D17"]
[Site "Ustron"]
[Date "1899-12-30"]
[Round "5.3"]
[White "Chomicka, Kinga"]
[Black "Pyzio, Amelia"]
[Result "0-1"]
[WhiteTitle "I"]
[BlackTitle "I++"]
[WhiteElo "1485"]
[BlackElo "1581"]

1. e4 e5 2. Nf3 Nc6 3. Bc4 Bc5 4. c3 Nf6 5. d3 d6 6. Bb3 Bb6 7. Nbd2 O-O 8. Nf1
Ne7 9. Ng3 Ng6 10. O-O Re8 11. h3 c6 12. Re1 h6 13. d4 Qc7 14. Be3 Bd7 15. Qd2
exd4 16. Bxd4 Ne5 17. Nh4 a5 18. a4 Be6 19. Bxe6 Rxe6 20. Nhf5 Nc4 21. Qc2 Rae8
22. b3 Ne5 23. Qd2 d5 24. exd5 Nxd5 25. Bxb6 Qxb6 26. Nd4 Rg6 27. Ngf5 c5 28.
Nh4 cxd4 29. cxd4 Rge6 30. dxe5 Rxe5 31. Rxe5 Rxe5 32. Nf3 Rf5 33. Qd3 Qf6 34.
Rc1 Nf4 35. Qe4 g6 36. Rc8+ Kh7 37. Qe8 Qg7 38. Rc7 Nxh3+ 39. gxh3 Rxf3 40. Kg2
Qf6 41. Qe4 Rxf2+ 42. Kg3 Rf1 43. Rc2 Qg5+ 44. Qg4 Rg1+ 45. Rg2 Qxg4+ 46. hxg4
Rxg2+ 47. Kxg2 f5 48. gxf5 gxf5 49. Kf3 Kg6 50. Kf4 Kf6 0-1

[Event "POLFINAL MISTRZOSTW POLSKI JUNIOROW 2019 - D17"]
[Site "Ustron"]
[Date "1899-12-30"]
[Round "5.4"]
[White "Zalucka, Emilia"]
[Black "Jedras, Adrianna"]
[Result "1/2-1/2"]
[WhiteTitle "I"]
[BlackTitle "I"]
[WhiteElo "1546"]
[BlackElo "1472"]

1. e4 c5 2. Nf3 Nc6 3. d4 cxd4 4. Nxd4 g6 5. Be2 Bg7 6. Be3 d6 7. O-O Nf6 8. Nc3
O-O 9. Kh1 Bd7 10. Nb3 Qc8 11. f4 Re8 12. Qe1 Rf8 13. Qh4 Bg4 14. Bf3 Bxf3 15.
gxf3 Nh5 16. Nd5 e6 17. Nc3 Qd8 18. Qh3 Qe7 19. Rg1 Kh8 20. e5 b6 21. exd6 Qxd6
22. Ne4 Qe7 23. c3 Rad8 24. Rad1 Rxd1 25. Rxd1 Rd8 26. Rxd8+ Qxd8 27. Nbd2 Kg8
28. Qg2 Nf6 29. Nxf6+ Bxf6 30. Ne4 Bg7 31. Qe2 Ne7 32. Qd2 Qxd2 33. Bxd2 Nc6 34.
b4 Bf8 35. Kg2 Be7 36. Kf2 Kf8 37. Ke3 Ke8 38. Kd3 a5 39. b5 Nb8 40. a4 Nd7 41.
Be3 h6 42. c4 Kd8 43. h3 1/2-1/2

[Event "POLFINAL MISTRZOSTW POLSKI JUNIOROW 2019 - D17"]
[Site "Ustron"]
[Date "1899-12-30"]
[Round "5.5"]
[White "Repec, Julia"]
[Black "Zygmunt, Patrycja"]
[Result "1/2-1/2"]
[WhiteTitle "I"]
[BlackTitle "I"]
[WhiteElo "1373"]
[BlackElo "1261"]

1. c4 e5 2. g3 d5 3. cxd5 Qxd5 4. f3 Bc5 5. Nc3 Qd8 6. Bg2 Nc6 7. a3 Be6 8. b4
Bd4 9. Bb2 Nf6 10. e3 Bb6 11. Na4 Nd7 12. Nxb6 Nxb6 13. b5 Na5 14. Bxe5 f6 15.
Bc3 Nb3 16. Rb1 Qd5 17. Ne2 Bf7 18. Nd4 Nxd4 19. Bxd4 O-O 20. O-O Qa2 21. Ra1
Qc4 22. a4 Rfe8 23. Qc1 Qxc1 24. Rfxc1 Rac8 25. Bxb6 axb6 26. f4 Rcd8 27. Rc2
Bb3 28. Rb2 Bd5 29. Bxd5+ Rxd5 30. Rc1 Rc5 31. Rbc2 Rxc2 32. Rxc2 Re7 33. Kf2
Kf7 34. Kf3 Ke8 35. Rc4 Rd7 36. d4 Re7 37. e4 Kd7 38. h4 h5 39. g4 hxg4+ 40. Kxg4
Rxe4 1/2-1/2

[Event "POLFINAL MISTRZOSTW POLSKI JUNIOROW 2019 - D17"]
[Site "Ustron"]
[Date "1899-12-30"]
[Round "5.6"]
[White "Zygmunt, Magdalena"]
[Black "Laszczuk, Zuzanna"]
[Result "0-1"]
[WhiteTitle "I"]
[BlackTitle "I"]
[WhiteElo "1237"]
[BlackElo "1320"]

1. e4 g6 2. d4 Bg7 3. Nc3 d6 4. Bc4 e6 5. Nf3 Nd7 6. Bf4 Ne7 7. Qd2 h6 8. h4 e5
9. dxe5 dxe5 10. Bg3 O-O 11. O-O-O Nc6 12. Nd5 a6 13. Nh2 b5 14. Bb3 Kh7 15. f4
Nc5 16. Qe3 Nxb3+ 17. Qxb3 Be6 18. Qe3 exf4 19. Bxf4 Bxd5 20. exd5 Nb4 21. Qd2
a5 22. a3 Qf6 23. c3 Nxd5 24. Bxh6 Bxh6 25. Qxh6+ Kxh6 26. Ng4+ Kg7 27. Nxf6 Nxf6
28. Rd4 Rfd8 29. Rf4 Nd5 30. Re4 Re8 31. Rg4 Nf6 32. Rg5 Kh6 33. Rxb5 Re2 34.
Rg1 Re4 35. g3 Ra7 36. Kd2 Ng4 37. Rg2 c6 38. Kd3 Re3+ 39. Kc4 cxb5+ 40. Kxb5
Re5+ 41. Kb6 Rd7 42. c4 Ne3 0-1

[Event "POLFINAL MISTRZOSTW POLSKI JUNIOROW 2019 - D17"]
[Site "Ustron"]
[Date "1899-12-30"]
[Round "5.7"]
[White "Sloniec, Natalia"]
[Black "Majdecka, Nikola"]
[Result "1/2-1/2"]
[WhiteTitle "II+"]
[BlackTitle "I"]
[WhiteElo "1103"]
[BlackElo "1189"]

1. e4 e5 2. Nf3 Nc6 3. Bc4 Bc5 4. c3 d6 5. h3 Qf6 6. d3 h6 7. Be3 Be6 8. Bxe6 Qxe6
9. Bxc5 dxc5 10. Nbd2 f5 11. Qe2 Nge7 12. Nb3 b6 13. O-O-O a5 14. Kb1 O-O 15.
Rhe1 fxe4 16. Qxe4 a4 17. Nbd2 Ng6 18. d4 cxd4 19. cxd4 Qf5 20. dxe5 Rae8 21.
Ka1 Qxe4 22. Rxe4 b5 23. e6 Rf6 24. Rde1 Nf4 25. Rg1 Rexe6 26. a3 Rxe4 27. Nxe4
Rf8 28. h4 Ra8 29. g3 Nh5 30. Rc1 Ra6 31. Rc5 Nf6 32. Nxf6+ gxf6 33. Rxb5 Na7
34. Rc5 c6 35. Nh2 Nb5 36. Ng4 Kg7 37. Rf5 Nd4 38. Rxf6 h5 39. Rd6 Nb3+ 40. Kb1
hxg4 41. h5 Kh7 42. Rg6 Nd2+ 43. Ka2 Ne4 44. Rxg4 1/2-1/2

[Event "POLFINAL MISTRZOSTW POLSKI JUNIOROW 2019 - D17"]
[Site "Ustron"]
[Date "1899-12-30"]
[Round "6.1"]
[White "Drob, Julia"]
[Black "Polak, Sylwia"]
[Result "0-1"]
[WhiteTitle "I"]
[BlackTitle "I+"]
[WhiteElo "1416"]
[BlackElo "1537"]

1. d4 d5 2. Bf4 Nf6 3. Nf3 e6 4. Nbd2 c5 5. c3 Nc6 6. e3 Bd6 7. Ne5 O-O 8. Bd3
a6 9. Qa4 Ne7 10. Ndf3 c4 11. Bb1 b5 12. Qc2 Ne4 13. Ng5 Nxg5 14. Bxg5 f5 15.
f4 Qb6 16. a3 Nc6 17. Qf2 a5 18. Qh4 Ra7 19. Ng4 b4 20. axb4 axb4 21. Rxa7 Qxa7
22. O-O bxc3 23. bxc3 Qa5 24. Bf6 Rxf6 25. Nxf6+ gxf6 26. Qe1 Na7 27. Rf3 Nb5
28. Qh4 Qd8 29. Rh3 Qe7 30. Qe1 Bd7 31. Bc2 Be8 32. Ba4 Nc7 33. Bxe8 Qxe8 34.
Qh4 Qf7 35. Qe1 Nb5 36. Rg3+ Kh8 37. Rh3 Ba3 38. Rh6 Qg7 39. Qh4 Be7 40. Qh5 Bf8
41. Rxh7+ Qxh7 42. Qe8 Qe7 43. Qxb5 Qa3 44. Qe8 Qe7 45. Qh5+ Kg8 46. Kf2 Qf7 47.
Qh4 Ba3 48. g4 fxg4 49. Qxg4+ Kf8 50. f5 Ke7 51. Qf4 Bd6 52. Qf3 Bxh2 53. fxe6
Qxe6 54. Qh5 Bd6 55. Qh7+ Qf7 56. Qb1 Ke6 57. e4 Qh5 58. exd5+ Qxd5 59. Qe1+ Kf7
60. Qe3 Qf5+ 61. Ke2 Bf4 62. Qf3 Qc2+ 63. Kf1 Qd3+ 64. Qxd3 cxd3 65. c4 Ke6 66.
d5+ Kd6 0-1

[Event "POLFINAL MISTRZOSTW POLSKI JUNIOROW 2019 - D17"]
[Site "Ustron"]
[Date "1899-12-30"]
[Round "6.2"]
[White "Giefert, Sara"]
[Black "Pyzio, Amelia"]
[Result "1-0"]
[WhiteTitle "I"]
[BlackTitle "I++"]
[WhiteElo "1579"]
[BlackElo "1581"]

1. e4 e5 2. Nf3 Nc6 3. Bc4 Bc5 4. c3 Nf6 5. d3 d6 6. Qe2 Bb6 7. Bb3 h6 8. Nbd2
O-O 9. h3 Re8 10. Nf1 Nh5 11. Ng5 hxg5 12. Qxh5 Qf6 13. Be3 Bxe3 14. Nxe3 g6 15.
Qh6 Na5 16. Nd5 Qd8 17. h4 g4 18. h5 Re6 19. hxg6 1-0

[Event "POLFINAL MISTRZOSTW POLSKI JUNIOROW 2019 - D17"]
[Site "Ustron"]
[Date "1899-12-30"]
[Round "6.3"]
[White "Laszczuk, Zuzanna"]
[Black "Zalucka, Emilia"]
[Result "0-1"]
[WhiteTitle "I"]
[BlackTitle "I"]
[WhiteElo "1320"]
[BlackElo "1546"]

1. g3 e5 2. Bg2 Bc5 3. e3 d5 4. d3 Nf6 5. Ne2 O-O 6. O-O Nc6 7. h3 Ne7 8. Kh2 e4
9. d4 Bd6 10. Kh1 Ng6 11. f4 exf3 12. Bxf3 Bxh3 13. Rf2 Ng4 14. Bxg4 Bxg4 15.
Qg1 Qg5 16. Nbc3 Qh5+ 17. Qh2 Bf3+ 18. Kg1 Bxe2 19. Rxe2 Qg4 20. Rg2 h5 21. Kh1
Qf3 22. Bd2 h4 23. Ne2 f6 24. Qh3 Kf7 25. Qd7+ Ne7 26. Kg1 Rh8 27. Rf1 Qe4 28.
Nc3 Qe6 29. Qxe6+ Kxe6 30. gxh4 Rxh4 31. Rxg7 Nf5 32. Rg6 Kf7 33. Rg2 Ng3 34.
Rf3 Rh1+ 35. Kf2 Rf1# 0-1

[Event "POLFINAL MISTRZOSTW POLSKI JUNIOROW 2019 - D17"]
[Site "Ustron"]
[Date "1899-12-30"]
[Round "6.4"]
[White "Zygmunt, Patrycja"]
[Black "Chomicka, Kinga"]
[Result "0-1"]
[WhiteTitle "I"]
[BlackTitle "I"]
[WhiteElo "1261"]
[BlackElo "1485"]

1. e4 e5 2. Nf3 Nc6 3. Bc4 Bc5 4. c3 Nf6 5. d3 d6 6. Bg5 h6 7. Be3 Bb6 8. Nbd2
Be6 9. Bb3 Bxb3 10. Qxb3 Qd7 11. Bxb6 axb6 12. O-O O-O 13. d4 exd4 14. cxd4 d5
15. e5 Ne4 16. Qe3 Qf5 17. Rfe1 Nxd2 18. Qxd2 Ra4 19. a3 Rfa8 20. Rac1 Qg4 21.
Red1 Re8 22. h3 Qf5 23. Qc2 Qxc2 24. Rxc2 Re6 25. b4 Rxa3 26. b5 Na5 27. Rxc7
Rb3 28. Rdc1 Rxb5 29. Rd7 Rc6 30. Rd1 Kf8 31. Rd6 Ke7 32. Nh4 g6 33. Rxc6 bxc6
34. f4 Nc4 35. Ra1 Ra5 36. Rf1 Nd2 37. Rc1 Nc4 38. Rf1 Ra2 39. g4 b5 40. f5 g5
41. Ng6+ Ke8 42. e6 fxg6 43. fxg6 Ra7 0-1

[Event "POLFINAL MISTRZOSTW POLSKI JUNIOROW 2019 - D17"]
[Site "Ustron"]
[Date "1899-12-30"]
[Round "6.5"]
[White "Jedras, Adrianna"]
[Black "Repec, Julia"]
[Result "1/2-1/2"]
[WhiteTitle "I"]
[BlackTitle "I"]
[WhiteElo "1472"]
[BlackElo "1373"]

1. c4 Nf6 2. d4 e6 3. Nc3 d5 4. e3 c6 5. Nf3 Nbd7 6. Be2 Bb4 7. Bd2 O-O 8. O-O
Bxc3 9. Bxc3 dxc4 10. Bxc4 b5 11. Be2 a5 12. a3 Ne4 13. Qc2 Nxc3 14. Qxc3 Bb7
15. Rac1 Qb6 16. Qd3 h6 17. b3 Rfd8 18. Qb1 Rac8 19. b4 axb4 20. axb4 Ra8 21.
Qb2 Ra6 22. Ra1 Rda8 23. Nd2 Nf6 24. Bf3 Nd5 25. Bxd5 cxd5 26. Nb3 Rxa1 27. Rxa1
Rxa1+ 28. Qxa1 Qa6 29. Qxa6 Bxa6 30. Nc5 Bc8 1/2-1/2

[Event "POLFINAL MISTRZOSTW POLSKI JUNIOROW 2019 - D17"]
[Site "Ustron"]
[Date "1899-12-30"]
[Round "6.6"]
[White "Taranowicz, Zofia"]
[Black "Wojtas, Emilia"]
[Result "1-0"]
[WhiteTitle "I"]
[BlackTitle "II+"]
[WhiteElo "1175"]
[BlackElo "1179"]

1. d4 d6 2. Nf3 g6 3. Bf4 Bg7 4. e3 Nf6 5. h3 Nbd7 6. Be2 c5 7. c3 b6 8. Nbd2 Bb7
9. O-O O-O 10. Qb3 Ne4 11. Bc4 Ndf6 12. Nxe4 Bxe4 13. Ng5 Bb7 14. Nxf7 Rxf7 15.
Bxf7+ Kf8 16. Bc4 d5 17. Be2 c4 18. Qc2 Nd7 19. Bf3 e5 20. dxe5 Nxe5 21. Bxe5
Bxe5 22. Rad1 Qd6 23. Rd2 Rd8 24. Rfd1 Qe6 25. e4 Ke7 26. exd5 1-0

[Event "POLFINAL MISTRZOSTW POLSKI JUNIOROW 2019 - D17"]
[Site "Ustron"]
[Date "1899-12-30"]
[Round "6.8"]
[White "Sloniec, Natalia"]
[Black "Szwacinska, Wiktoria"]
[Result "1-0"]
[WhiteTitle "II+"]
[BlackTitle "II"]
[WhiteElo "1103"]
[BlackElo "1006"]

1. e4 e5 2. Nf3 Nc6 3. Bc4 h6 4. Nc3 Bc5 5. d3 Nf6 6. Be3 Bb6 7. h3 d6 8. O-O Be6
9. Bb3 d5 10. exd5 Nxd5 11. Nxd5 Bxd5 12. Re1 f6 13. Bxb6 axb6 14. Qe2 Bxb3 15.
axb3 Rxa1 16. Rxa1 Nd4 17. Nxd4 Qxd4 18. Ra8+ Kf7 19. Rxh8 Qxb2 20. Qh5+ Ke7 21.
Qe8+ Kd6 22. Qf8+ Ke6 23. Qxg7 Qxc2 24. Rxh6 Qxd3 25. Qxf6+ Kd7 26. Qf7+ Kd8 27.
Rh8# 1-0

[Event "POLFINAL MISTRZOSTW POLSKI JUNIOROW 2019 - D17"]
[Site "Ustron"]
[Date "1899-12-30"]
[Round "7.1"]
[White "Zalucka, Emilia"]
[Black "Polak, Sylwia"]
[Result "0-1"]
[WhiteTitle "I"]
[BlackTitle "I+"]
[WhiteElo "1546"]
[BlackElo "1537"]

1. e4 c5 2. Nf3 e6 3. b3 a6 4. Bb2 Nc6 5. d3 d5 6. Nbd2 Nf6 7. g3 Be7 8. Bg2 O-O
9. a4 Rb8 10. O-O b5 11. Ne5 Qc7 12. f4 d4 13. Nxc6 Qxc6 14. c4 dxc3 15. Bxc3
Bb7 16. Qe2 Qb6 17. a5 Qd8 18. Rfc1 Ne8 19. e5 Bxg2 20. Kxg2 Nc7 21. Qf3 Nd5 22.
Ne4 Nxc3 23. Rxc3 b4 24. Rc2 Rb5 25. Rca2 Qd5 26. Nd2 Rd8 27. Nc4 Qxf3+ 28. Kxf3
Rxd3+ 29. Ke4 Rxb3 30. Rd2 Rb8 31. Rd7 Rc3 32. Ne3 f5+ 33. Kf3 Kf8 34. Ke2 b3
35. Rb1 Bd8 36. Rd3 Bxa5 37. Rxc3 Bxc3 38. Kd3 Bd4 39. Nc2 a5 40. Nxd4 cxd4 41.
Kxd4 a4 42. Kc3 h6 43. h4 Kf7 44. Kb2 Kg6 45. Ka3 Ra8 46. Rd1 Kh5 47. Rd3 Rb8
48. Kb2 a3+ 49. Kb1 a2+ 50. Kb2 Ra8 51. Rd1 a1=Q+ 52. Rxa1 Rxa1 53. Kxa1 Kg4 0-1

[Event "POLFINAL MISTRZOSTW POLSKI JUNIOROW 2019 - D17"]
[Site "Ustron"]
[Date "1899-12-30"]
[Round "7.2"]
[White "Chomicka, Kinga"]
[Black "Giefert, Sara"]
[Result "0-1"]
[WhiteTitle "I"]
[BlackTitle "I"]
[WhiteElo "1485"]
[BlackElo "1579"]

1. e4 c5 2. Nc3 d6 3. g3 g6 4. Bg2 Bg7 5. d3 Nc6 6. Be3 e6 7. Nge2 Nge7 8. O-O
O-O 9. Qd2 Nd4 10. Nd1 Rb8 11. c3 Nxe2+ 12. Qxe2 Nc6 13. f4 b5 14. e5 Qc7 15.
d4 dxe5 16. dxe5 Ne7 17. Qf2 Bb7 18. Bxc5 Bxg2 19. Kxg2 Rb7 20. Bd6 Qc6+ 21. Qf3
Qb6 22. Ne3 Rd8 23. Rad1 Nc6 24. Rd3 Rbd7 25. Rdd1 a5 26. a3 f6 27. exf6 Bxf6
28. Ng4 Bg7 29. Be5 Rd2+ 30. Rxd2 Rxd2+ 31. Rf2 Rd8 32. Bxg7 Kxg7 33. Qe4 Rd6
34. Ne5 Ne7 35. g4 Nd5 36. Kg3 Nf6 37. Qe2 Rd2 38. Qe1 Qxf2+ 39. Qxf2 Ne4+ 40.
Kf3 Nxf2 41. b4 axb4 42. cxb4 Nd1 43. h4 Ra2 44. Nc6 Rxa3+ 45. Ke4 Nf2+ 46. Ke5
Nxg4+ 47. Kxe6 Rd3 0-1

[Event "POLFINAL MISTRZOSTW POLSKI JUNIOROW 2019 - D17"]
[Site "Ustron"]
[Date "1899-12-30"]
[Round "7.3"]
[White "Pyzio, Amelia"]
[Black "Drob, Julia"]
[Result "1-0"]
[WhiteTitle "I++"]
[BlackTitle "I"]
[WhiteElo "1581"]
[BlackElo "1416"]

1. e4 c5 2. Nf3 d6 3. d4 cxd4 4. Nxd4 Nf6 5. f3 g6 6. c4 Bg7 7. Be3 Nc6 8. Qd2
O-O 9. Nc3 Nxd4 10. Bxd4 Be6 11. Be2 Qa5 12. O-O Rfc8 13. b3 b5 14. b4 Qxb4 15.
Rab1 Qa5 16. Rxb5 Qd8 17. Nd5 Bd7 18. Rb7 Nxd5 19. exd5 Rc7 20. Rfb1 Bf5 21. R1b3
Rxb7 22. Rxb7 Bxd4+ 23. Qxd4 Qa5 24. Qa1 Re8 25. Bf1 Qa6 26. Qb2 Qa5 27. Qa1 Qc5+
28. Kh1 Qf2 29. a4 h5 30. h3 Bc2 31. a5 Bf5 32. Kh2 h4 33. Kh1 f6 34. Qc1 Kf7
35. Qa1 Rc8 36. Qc1 Rh8 37. c5 dxc5 38. d6 Re8 39. Bc4+ Kf8 40. Qh6# 1-0

[Event "POLFINAL MISTRZOSTW POLSKI JUNIOROW 2019 - D17"]
[Site "Ustron"]
[Date "1899-12-30"]
[Round "7.4"]
[White "Repec, Julia"]
[Black "Taranowicz, Zofia"]
[Result "1/2-1/2"]
[WhiteTitle "I"]
[BlackTitle "I"]
[WhiteElo "1373"]
[BlackElo "1175"]

1. d4 d5 2. c4 c6 3. Nc3 Nf6 4. Nf3 e6 5. e3 Be7 6. Bd3 dxc4 7. Bxc4 b5 8. Bd3
O-O 9. O-O Nbd7 10. Qc2 h6 11. e4 Bb7 12. e5 Ne8 13. Be4 a6 14. Be3 Nc7 15. Qd2
f5 16. exf6 Nxf6 17. Bg6 Nfd5 18. Nxd5 Qxd5 19. Bxh6 Rxf3 20. gxf3 Qxf3 21. Qf4
Rf8 22. Qxf3 Rxf3 23. Be4 Rh3 24. Bf4 Rh4 25. Bxc6 Bxc6 26. Bxc7 Rxd4 27. Rad1
Rg4+ 28. Bg3 Bd5 29. a3 Bf6 30. Rd2 Kh7 31. Rfd1 Bg5 32. Rd4 Rxd4 33. Rxd4 Bf6
34. Rd2 Bg5 35. f4 Bd8 36. Bf2 Kg6 37. Bd4 Kf5 38. Bxg7 Kxf4 39. Bh6+ Kg4 40.
Be3 Bc7 41. Bf2 Kf5 42. Bg3 Bb6+ 43. Kf1 Kg4 44. Rxd5 exd5 45. Ke2 Bd4 46. b3
Bb2 47. a4 bxa4 48. bxa4 Bc3 49. Kd3 Bf6 50. Bf2 Kf5 51. Bd4 Be7 1/2-1/2

[Event "POLFINAL MISTRZOSTW POLSKI JUNIOROW 2019 - D17"]
[Site "Ustron"]
[Date "1899-12-30"]
[Round "7.5"]
[White "Jedras, Adrianna"]
[Black "Sloniec, Natalia"]
[Result "1-0"]
[WhiteTitle "I"]
[BlackTitle "II+"]
[WhiteElo "1472"]
[BlackElo "1103"]

1. c4 e5 2. Nc3 Nf6 3. g3 Bc5 4. Bg2 d6 5. b4 Bxb4 6. Qa4+ Nc6 7. Bxc6+ bxc6 8.
Qxb4 O-O 9. d3 c5 10. Qb2 Be6 11. Bg5 h6 12. Bxf6 Qxf6 13. Nd5 Qd8 14. Nf3 Rb8
15. Qc2 c6 16. Nc3 f5 17. Rd1 f4 18. Ne4 Bg4 19. Ned2 Qe7 20. h3 Bd7 21. g4 d5
22. Rc1 Rbe8 23. cxd5 cxd5 24. Qb3 Bc6 25. e4 Rd8 26. Qc3 dxe4 27. dxe4 Qb7 28.
O-O Bxe4 29. Nxe4 Qxe4 30. Qc4+ Qxc4 31. Rxc4 Rd5 32. Re1 Rb8 33. Rxe5 Rb1+ 34.
Re1 Rb2 35. Rec1 Rxa2 36. Rxc5 Rd3 37. R5c3 Rd6 38. R3c2 Ra3 39. Rd2 Rb6 40. Kg2
Rbb3 41. Ng1 a5 42. Rcc2 Rb5 43. Ra2 Rab3 44. Rd8+ Kh7 45. Ra8 Rc5 46. R8xa5 Rcc3
47. Rf5 Rc4 48. Ra7 Kg8 49. Nf3 Rb6 50. Rff7 1-0

[Event "POLFINAL MISTRZOSTW POLSKI JUNIOROW 2019 - D17"]
[Site "Ustron"]
[Date "1899-12-30"]
[Round "7.6"]
[White "Majdecka, Nikola"]
[Black "Zygmunt, Magdalena"]
[Result "1-0"]
[WhiteTitle "I"]
[BlackTitle "I"]
[WhiteElo "1189"]
[BlackElo "1237"]

1. e4 e5 2. Nf3 Nc6 3. Nc3 Nf6 4. Bc4 Bc5 5. d3 h6 6. Qe2 d6 7. h3 O-O 8. Bd2 Be6
9. O-O-O a6 10. Nd5 b5 11. Nxf6+ Qxf6 12. Bd5 Bxd5 13. exd5 Nd4 14. Nxd4 Bxd4
15. Rdf1 Rfe8 16. c3 Bc5 17. h4 a5 18. g4 Qg6 19. h5 Qf6 20. g5 hxg5 21. Rh2 Qe7
22. Qg4 f6 23. h6 g6 24. h7+ Kg7 25. Rfh1 Rh8 26. Qe4 Qf7 27. d4 exd4 28. cxd4
Bb4 29. Be3 c5 30. Qg2 cxd4 31. Bxd4 Rae8 32. Qxg5 Rc8+ 33. Kb1 Qe7 34. Rg1 Qe4+
35. Ka1 Rcf8 36. f3 Qd3 37. Rh6 Kf7 38. Qxf6+ Ke8 39. Qe6+ Kd8 40. Bb6# 1-0

[Event "POLFINAL MISTRZOSTW POLSKI JUNIOROW 2019 - D17"]
[Site "Ustron"]
[Date "1899-12-30"]
[Round "7.7"]
[White "Szwacinska, Wiktoria"]
[Black "Zygmunt, Patrycja"]
[Result "1-0"]
[WhiteTitle "II"]
[BlackTitle "I"]
[WhiteElo "1006"]
[BlackElo "1261"]

1. e4 e5 2. Bc4 Nf6 3. d3 d5 4. exd5 Nxd5 5. Nf3 f6 6. h3 Nc6 7. a3 Bc5 8. Nbd2
Nf4 9. Rg1 Nd4 10. Nxd4 Qxd4 11. Ne4 Bb6 12. c3 Qd8 13. Bxf4 exf4 14. Qf3 f5 15.
Nd2 Qd6 16. O-O-O Bd7 17. Qe2+ Qe7 18. Qxe7+ Kxe7 19. d4 Rae8 20. Nf3 c5 21. Ne5
cxd4 22. Nxd7 Kxd7 23. Bb5+ Kd8 24. Bxe8 Rxe8 25. cxd4 Re2 26. Rd2 Re7 27. Rgd1
Ba5 28. Rc2 g5 29. Rc5 Bb6 30. Rxf5 Re2 31. Rf1 Kc8 32. Re5 Rxb2 33. Kxb2 Bxd4+
34. Kb3 Bxe5 35. Re1 Bd6 36. Re6 Bc5 37. f3 Kc7 38. Rh6 1-0

[Event "POLFINAL MISTRZOSTW POLSKI JUNIOROW 2019 - D17"]
[Site "Ustron"]
[Date "1899-12-30"]
[Round "8.1"]
[White "Polak, Sylwia"]
[Black "Jedras, Adrianna"]
[Result "1-0"]
[WhiteTitle "I+"]
[BlackTitle "I"]
[WhiteElo "1537"]
[BlackElo "1472"]

1. d4 Nf6 2. c4 e6 3. Nc3 Bb4 4. f3 d5 5. a3 Bxc3+ 6. bxc3 O-O 7. cxd5 exd5 8.
e3 Re8 9. Bd3 Nc6 10. Ne2 b6 11. O-O Bb7 12. Ng3 Nb8 13. Re1 c5 14. Ra2 cxd4 15.
cxd4 Nc6 16. Rae2 Rc8 17. Bb2 Re7 18. Bf5 Rcc7 19. e4 dxe4 20. fxe4 Bc8 21. d5
Bxf5 22. Nxf5 Red7 23. d6 Rb7 24. e5 Ne8 25. Rc2 Na5 26. Qc1 Nb3 27. Qe3 Nc5 28.
Rf1 Rb8 29. Ne7+ Rxe7 30. dxe7 Qxe7 31. Rcf2 f6 32. Qg3 Ne4 33. exf6 Nxg3 34.
fxe7 Nf6 35. hxg3 Nd7 36. Rf7 Nf6 37. Bxf6 gxf6 38. R7xf6 Kg7 39. Rf8 Rb7 40.
e8=Q a5 41. Rg8+ Kh6 42. Rf6# 1-0

[Event "POLFINAL MISTRZOSTW POLSKI JUNIOROW 2019 - D17"]
[Site "Ustron"]
[Date "1899-12-30"]
[Round "8.2"]
[White "Giefert, Sara"]
[Black "Laszczuk, Zuzanna"]
[Result "1-0"]
[WhiteTitle "I"]
[BlackTitle "I"]
[WhiteElo "1579"]
[BlackElo "1320"]

1. e4 e5 2. Nf3 Nf6 3. Nc3 Nc6 4. Bb5 Bc5 5. d3 d6 6. Bg5 h6 7. Bh4 Bd7 8. Qe2
Bb4 9. a3 Bxc3+ 10. bxc3 O-O 11. h3 Qe7 12. g4 Qe6 13. g5 Nh5 14. gxh6 Nf4 15.
Qf1 Qxh6 16. Bg5 Qh5 17. Bxf4 Qxf3 18. Be3 Be6 19. Rg1 Bxh3 20. Qe2 Qxe2+ 21.
Kxe2 Ne7 22. Rg3 Be6 23. Rag1 Ng6 24. d4 c6 25. Bd3 b5 26. d5 Bd7 27. Kd2 c5 28.
Be2 Kh7 29. Bh5 Be8 30. Bg4 Ne7 31. Rh3+ Kg8 32. Rgh1 Ng6 33. Bf5 a6 34. Rh8+
Nxh8 35. Bh7# 1-0